[Event "Aragon-chT Honor Descenso"]
[Site "Aragon"]
[Date "2021.06.05"]
[Round "10.19"]
[White "Pellicer Cemeli, Jose Luis"]
[Black "Perez Dominguez, Carlos Gines"]
[Result "1/2-1/2"]
[WhiteElo "1972"]
[BlackElo "1571"]
[PlyCount "74"]
[EventDate "2021.05.15"]
[EventType "team-tourn"]
[EventRounds "10"]
[EventCountry "ESP"]
[SourceTitle "EXT 2024"]
[Source "ChessBase"]
[SourceDate "2023.10.10"]
[SourceVersion "1"]
[SourceVersionDate "2023.10.10"]
[SourceQuality "1"]
[WhiteTeam "La Aurora Estadilla"]
[BlackTeam "Teruel"]
[WhiteTeamCountry "ESP"]
[BlackTeamCountry "ESP"]

1. d4 Nf6 2. Nf3 g6 3. e3 Bg7 4. Be2 d6 5. b3 a5 6. a4 0-0 7. 0-0 Na6 8. Nbd2 c5 9. Bb2 Nd7 10. Qc1 Nb4 11. dxc5 Bxb2 12. Qxb2 Nxc5 13. Rfd1 Bf5 14. Nd4 Qd7 15. Bb5 Qc8 16. Nc4 Nca6 17. Nb6 Qc5 18. Nxa8 Be4 19. c3 Nd5 20. Rac1 Rxa8 21. Bd3 Nf6 22. Bxe4 Nxe4 23. Qc2 Nf6 24. Qd3 Qh5 25. Qe2 Qh6 26. Qf3 Nc5 27. b4 Nce4 28. Ne2 g5 29. Rd4 d5 30. Ng3 Qg6 31. Nxe4 dxe4 32. Qd1 Kg7 33. f3 Ra6 34. fxe4 Nxe4 35. Rd7 Qf5 36. Qf3 Qxd7 37. Qxe4 axb4 1/2-1/2

[Event "Aragon-chT Honor Gr II"]
[Site "Aragon"]
[Date "2021.05.08"]
[Round "7.14"]
[White "Villuendas Valero, Adrian"]
[Black "Pellicer Cemeli, Jose Luis"]
[Result "1/2-1/2"]
[WhiteElo "2249"]
[BlackElo "1972"]
[PlyCount "59"]
[EventDate "2021.03.13"]
[EventType "team-tourn"]
[EventRounds "7"]
[EventCountry "ESP"]
[SourceTitle "EXT 2024"]
[Source "ChessBase"]
[SourceDate "2023.10.10"]
[SourceVersion "1"]
[SourceVersionDate "2023.10.10"]
[SourceQuality "1"]
[WhiteTeam "El Olivar"]
[BlackTeam "La Aurora Estadilla"]
[WhiteTeamCountry "ESP"]
[BlackTeamCountry "ESP"]

1. e4 c5 2. Nc3 Nc6 3. f4 g6 4. Nf3 Bg7 5. Bb5 Nd4 6. 0-0 a6 7. Bd3 d6 8. Nxd4 cxd4 9. Ne2 e5 10. Bc4 Nf6 11. d3 0-0 12. Ng3 Ng4 13. h3 exf4 14. Bxf4 Ne5 15. Bb3 Be6 16. Ne2 Nc6 17. Qd2 Bxb3 18. axb3 Rc8 19. Bg5 f6 20. Bh4 Qb6 21. Ra4 Qc5 22. Bg3 d5 23. exd5 Qxd5 24. Bf2 f5 25. Re1 Rfe8 26. Qf4 Qc5 27. Rc4 Qd5 28. Ra4 Qc5 29. Rc4 Qd5 30. Ra4 1/2-1/2

[Event "Aragon-chT Honor Gr II"]
[Site "Aragon"]
[Date "2021.05.01"]
[Round "6.29"]
[White "Barranco Mananet, Fernando"]
[Black "Pellicer Cemeli, Jose Luis"]
[Result "0-1"]
[WhiteElo "1969"]
[BlackElo "1972"]
[PlyCount "76"]
[EventDate "2021.03.13"]
[EventType "team-tourn"]
[EventRounds "7"]
[EventCountry "ESP"]
[SourceTitle "EXT 2024"]
[Source "ChessBase"]
[SourceDate "2023.10.10"]
[SourceVersion "1"]
[SourceVersionDate "2023.10.10"]
[SourceQuality "1"]
[WhiteTeam "Monzon"]
[BlackTeam "La Aurora Estadilla"]
[WhiteTeamCountry "ESP"]
[BlackTeamCountry "ESP"]

1. e4 c5 2. Nc3 e6 3. Nf3 d5 4. exd5 exd5 5. Bb5+ Nc6 6. d4 Bd6 7. Be3 c4 8. b3 cxb3 9. axb3 Nf6 10. Ne5 0-0 11. f4 Ne7 12. Bd3 Qc7 13. Nb5 Qb6 14. f5 Bd7 15. Bg5 a6 16. Nxd6 Qxd6 17. Ng4 Nxg4 18. Qxg4 f6 19. Bd2 Be8 20. 0-0 Bd7 21. Rf3 Rf7 22. Raf1 Bb5 23. c4 Bc6 24. c5 Qd7 25. Bc2 Re8 26. Qh5 Bb5 27. Re1 Nc6 28. Rh3 Rxe1+ 29. Bxe1 h6 30. Bf2 Re7 31. Be3 Nxd4 32. Bxd4 Re1+ 33. Kf2 Rf1+ 34. Kg3 Qc7+ 35. Kh4 Rf4+ 36. Qg4 Be2 37. Rg3 Rxg4+ 38. Rxg4 Qxh2# 0-1

[Event "Aragon-chT Honor Gr II"]
[Site "Aragon"]
[Date "2021.04.17"]
[Round "5.9"]
[White "Glavina, Pablo"]
[Black "Pellicer Cemeli, Jose Luis"]
[Result "1-0"]
[WhiteElo "2410"]
[BlackElo "1972"]
[PlyCount "165"]
[EventDate "2021.03.13"]
[EventType "team-tourn"]
[EventRounds "7"]
[EventCountry "ESP"]
[SourceTitle "EXT 2024"]
[Source "ChessBase"]
[SourceDate "2023.10.10"]
[SourceVersion "1"]
[SourceVersionDate "2023.10.10"]
[SourceQuality "1"]
[WhiteTeam "Casablanca MyInvestor"]
[BlackTeam "La Aurora Estadilla"]
[WhiteTeamCountry "ESP"]
[BlackTeamCountry "ESP"]

1. Nf3 c5 2. e4 g6 3. c3 Bg7 4. d4 cxd4 5. cxd4 Nf6 6. Nc3 d6 7. Bb5+ Bd7 8. e5 dxe5 9. dxe5 Ng4 10. e6 Bxc3+ 11. bxc3 fxe6 12. Qa4 Bxb5 13. Qxb5+ Qd7 14. Qe2 Nc6 15. 0-0 0-0-0 16. h3 Nf6 17. c4 Nd4 18. Nxd4 Qxd4 19. Qxe6+ Rd7 20. Be3 Qe4 21. Qxe4 Nxe4 22. Bxa7 b5 23. Rfe1 Rxa7 24. Rxe4 bxc4 25. Rxc4+ Kd7 26. Rd1+ Ke6 27. a4 Rb8 28. Rf4 h5 29. Re1+ Kd7 30. Re5 Rb6 31. Rfe4 Ke8 32. Re6 Rb1+ 33. Kh2 Kf7 34. Rc6 Ra1 35. Rcc4 Ra5 36. Rc7 R1xa4 37. Rexe7+ Kf6 38. Rf7+ Ke5 39. Rce7+ Kd6 40. Re3 g5 41. Rg7 Rf4 42. Rg6+ Kd7 43. Rb3 Ke7 44. Rb7+ Kf8 45. Rc6 Rf7 46. Rcc7 Rxc7 47. Rxc7 Rf5 48. Kg1 h4 49. Ra7 Re5 50. f4 gxf4 51. Rh7 Rf5 52. Rxh4 Kg7 53. Kf2 Kg6 54. Kf3 Kg5 55. Rg4+ Kh5 56. Rxf4 Ra5 57. Re4 Rf5+ 58. Kg3 Rg5+ 59. Rg4 Ra5 60. Rh4+ Kg5 61. Rf4 Ra3+ 62. Rf3 Ra2 63. h4+ Kg6 64. Kh3 Ra1 65. Kg4 Rg1 66. g3 Kh6 67. h5 Rg2 68. Rf6+ Kg7 69. Ra6 Rb2 70. Kh4 Rb5 71. g4 Rc5 72. h6+ Kh7 73. g5 Rc1 74. Ra7+ Kh8 75. Kh5 Rc5 76. Kg6 Rc6+ 77. Kf7 Rb6 78. Re7 Kh7 79. Re6 Rb7+ 80. Kf6 Rb8 81. Re7+ Kh8 82. g6 Rg8 83. Rh7# 1-0

[Event "Aragon-chT Honor Descenso"]
[Site "Aragon"]
[Date "2019.03.16"]
[Round "8.32"]
[White "Pellicer Cemeli, Jose Luis"]
[Black "Sig Vargas, Pablo"]
[Result "1/2-1/2"]
[WhiteElo "1941"]
[BlackElo "1900"]
[PlyCount "54"]
[EventDate "2019.03.16"]
[EventType "team-tourn"]
[EventRounds "10"]
[EventCountry "ESP"]
[SourceTitle "EXT 2020"]
[Source "ChessBase"]
[SourceDate "2019.10.17"]
[SourceVersion "1"]
[SourceVersionDate "2019.10.17"]
[SourceQuality "1"]
[WhiteTeam "La Aurora Estadilla"]
[BlackTeam "Enroque"]
[WhiteTeamCountry "ESP"]
[BlackTeamCountry "ESP"]

1. d4 Nf6 2. Nf3 e6 3. Bg5 Be7 4. c4 b6 5. Nc3 Bb7 6. e3 Ne4 7. Nxe4 Bxe4 8. Bxe7 Qxe7 9. a3 0-0 10. Nd2 Bb7 11. Qh5 f5 12. f3 Qf7 13. Qh4 d6 14. Bd3 Qf6 15. Qf2 Nd7 16. 0-0 Rad8 17. e4 Rfe8 18. b4 Ra8 19. c5 dxc5 20. dxc5 Ne5 21. Bc2 Rad8 22. exf5 exf5 23. Rad1 Nd3 24. Bxd3 Rxd3 25. Nc4 Red8 26. Rxd3 Rxd3 27. Qe2 Rd8 1/2-1/2

[Event "Aragon-chT Preferente Gr I "]
[Site "Aragon"]
[Date "2018.02.24"]
[Round "5.43"]
[White "Pellicer Cemeli, Jose Luis"]
[Black "Morato Garcia, Jesus"]
[Result "1-0"]
[WhiteElo "1969"]
[BlackElo "1914"]
[PlyCount "135"]
[EventDate "2018.01.27"]
[EventType "team-tourn"]
[EventRounds "9"]
[EventCountry "ESP"]
[SourceTitle "EXT 2019"]
[Source "ChessBase"]
[SourceDate "2018.10.10"]
[SourceVersion "1"]
[SourceVersionDate "2018.10.10"]
[SourceQuality "1"]
[WhiteTeam "La Aurora Estadilla"]
[BlackTeam "Las Fuentes"]
[WhiteTeamCountry "ESP"]
[BlackTeamCountry "ESP"]

1. d4 Nf6 2. c4 e6 3. Nc3 Bb4 4. Qb3 Nc6 5. Nf3 d5 6. cxd5 exd5 7. Bg5 0-0 8. e3 Be6 9. Bd3 h6 10. Bh4 a6 11. 0-0 Be7 12. Rac1 Na5 13. Qa4 Nc4 14. Bb1 Ng4 15. Qc2 g6 16. Bxe7 Qxe7 17. g3 c6 18. Nh4 Qg5 19. Qe2 Nf6 20. b3 Nd6 21. f3 Bh3 22. Rf2 Rae8 23. Re1 Nh5 24. f4 Qe7 25. Bxg6 Nf6 26. Bh5 Kh8 27. Bf3 Rg8 28. Kh1 Bg4 29. Ng2 Nde4 30. Nxe4 Nxe4 31. Rff1 Bh3 32. Bxe4 Qxe4 33. Qf3 Qe6 34. f5 Qf6 35. Qh5 Bg4 36. Qh4 Qd6 37. Nf4 Re4 38. f6 Kh7 39. h3 Bf5 40. g4 Bd7 41. Nd3 Bxg4 42. Nf4 Bf5 43. Rg1 Ree8 44. Rg3 Be4+ 45. Kh2 Rxg3 46. Kxg3 Rg8+ 47. Kf2 Qa3 48. Qh5 Bg6 49. Qe2 Be4 50. Rg1 Rxg1 51. Kxg1 Qc1+ 52. Kf2 Qh1 53. Qg4 Qh2+ 54. Ke1 Qh1+ 55. Kd2 Qh2+ 56. Kc3 Qc2+ 57. Kb4 Qd2+ 58. Ka3 Qc1+ 59. Kb4 a5+ 60. Kxa5 Qa3+ 61. Kb6 Qb4+ 62. Kc7 Qa5+ 63. Kd7 Bg6 64. Nxg6 fxg6 65. Qe6 h5 66. f7 Qb4 67. Qe7 c5 68. f8Q# 1-0

[Event "Aragon-chT Preferente Gr I "]
[Site "Aragon"]
[Date "2018.02.10"]
[Round "3.46"]
[White "Labrador Postigo, Francisco Manuel"]
[Black "Pellicer Cemeli, Jose Luis"]
[Result "1-0"]
[WhiteElo "1901"]
[BlackElo "1969"]
[PlyCount "139"]
[EventDate "2018.01.27"]
[EventType "team-tourn"]
[EventRounds "9"]
[EventCountry "ESP"]
[SourceTitle "EXT 2019"]
[Source "ChessBase"]
[SourceDate "2018.10.10"]
[SourceVersion "1"]
[SourceVersionDate "2018.10.10"]
[SourceQuality "1"]
[WhiteTeam "El Olivar III"]
[BlackTeam "La Aurora Estadilla"]
[WhiteTeamCountry "ESP"]
[BlackTeamCountry "ESP"]

1. d4 Nf6 2. Bg5 d5 3. Bxf6 gxf6 4. e3 Bf5 5. c4 c6 6. Nc3 e6 7. cxd5 exd5 8. Bd3 Qd7 9. a3 Bxd3 10. Qxd3 f5 11. Nge2 Bd6 12. f4 Qe6 13. 0-0 Nd7 14. Ng3 0-0-0 15. Rae1 Kb8 16. Qxf5 Qh6 17. e4 dxe4 18. Ncxe4 Rhe8 19. Ng5 Rxe1 20. Rxe1 Qg7 21. Rd1 Nf6 22. N3e4 Nxe4 23. Nxe4 Bc7 24. Nf6 Ka8 25. Kh1 a6 26. b4 Qg6 27. Qxg6 hxg6 28. g3 Bb6 29. d5 Rd6 30. Ng4 f6 31. Kg2 cxd5 32. Kf3 d4 33. Rd3 Kb8 34. Ne3 Kc7 35. Nc4 Rc6 36. Nxb6 Kxb6 37. Ke4 Kb5 38. Rxd4 Ka4 39. Rd3 a5 40. bxa5 Kxa5 41. g4 Kb5 42. f5 Rc4+ 43. Rd4 gxf5+ 44. gxf5 Rc2 45. h4 Rc3 46. a4+ Kc5 47. Rd5+ Kc6 48. Rd3 Rc4+ 49. Rd4 Rc3 50. Kf4 Rc1 51. Kg4 Rg1+ 52. Kh5 b5 53. axb5+ Kxb5 54. Rd6 Kc5 55. Rxf6 Kd5 56. Rg6 Rh1 57. Kg5 Ke5 58. Re6+ Kd5 59. Re8 Rg1+ 60. Kh6 Rf1 61. Kg6 Rg1+ 62. Kf6 Rh1 63. Rh8 Ke4 64. Ke6 Kf4 65. f6 Re1+ 66. Kf7 Kf5 67. Rg8 Rh1 68. Rg5+ Kf4 69. Rc5 Rxh4 70. Rc4+ 1-0

[Event "Huesca Province-ch"]
[Site "Sabinanigo"]
[Date "2016.11.26"]
[Round "7"]
[White "Pellicer Cemeli, Jose Luis"]
[Black "Escartin Lacasa, Jose"]
[Result "0-1"]
[WhiteElo "1969"]
[BlackElo "1785"]
[PlyCount "42"]
[EventDate "2016.10.15"]
[EventType "swiss"]
[EventRounds "7"]
[EventCountry "ESP"]
[SourceTitle "EXT 2018"]
[Source "ChessBase"]
[SourceDate "2017.10.13"]
[SourceVersion "1"]
[SourceVersionDate "2017.10.13"]
[SourceQuality "1"]

1. e4 d6 2. f4 e5 3. Nf3 exf4 4. Bc4 Nc6 5. d4 Na5 6. Bd3 Nf6 7. Bxf4 c5 8. Qe2 Be7 9. 0-0 cxd4 10. Nxd4 Qb6 11. c3 Nc6 12. e5 dxe5 13. Bxe5 0-0 14. Rxf6 Bxf6 15. Qe4 Rd8 16. Qxh7+ Kf8 17. Bxf6 gxf6 18. Qh6+ Ke7 19. Qe3+ Be6 20. Na3 Nxd4 21. Nc4 Nf3+ 0-1

[Event "Aragon-chT Preferente B"]
[Site "Aragon"]
[Date "2015.02.14"]
[Round "4.64"]
[White "Pellicer Cemeli, Jose Luis"]
[Black "Vasilev, Vas"]
[Result "1-0"]
[WhiteElo "2034"]
[BlackElo "1943"]
[PlyCount "87"]
[EventDate "2015.01.24"]
[EventType "team-tourn"]
[EventRounds "9"]
[EventCountry "ESP"]
[SourceTitle "EXT 2017"]
[Source "ChessBase"]
[SourceDate "2016.10.25"]
[SourceVersion "1"]
[SourceVersionDate "2016.10.25"]
[SourceQuality "1"]
[WhiteTeam "La Aurora Estadilla"]
[BlackTeam "Caissa II"]
[WhiteTeamCountry "ESP"]
[BlackTeamCountry "ESP"]

1. e4 d6 2. d4 g6 3. Nc3 Bg7 4. Be3 Nd7 5. Qd2 a6 6. Nf3 b6 7. Bd3 Bb7 8. 0-0 h6 9. Rae1 e6 10. h3 Ne7 11. Nh2 c5 12. d5 e5 13. f4 exf4 14. Bxf4 Ne5 15. Nf3 g5 16. Nxe5 dxe5 17. Bh2 Qd6 18. Qf2 f6 19. Ne2 Ng6 20. Ng3 Bc8 21. Nh5 0-0 22. Qe2 b5 23. c4 b4 24. Kh1 Ra7 25. Bg1 Nf4 26. Nxf4 gxf4 27. Qf2 Rc7 28. Qh4 f5 29. Rf3 fxe4 30. Bxe4 Bf5 31. Qh5 Bxe4 32. Rxe4 Kh7 33. a3 a5 34. axb4 axb4 35. g3 Qg6 36. Qxg6+ Kxg6 37. gxf4 Kf5 38. Rxe5+ Bxe5 39. fxe5+ Kxe5 40. Rxf8 Ke4 41. d6 Rd7 42. Bxc5 Kd3 43. Bxb4 Kxc4 44. Ba3 1-0

[Event "Aragon-chT Honor Descenso"]
[Site "Aragon"]
[Date "2014.03.22"]
[Round "9.27"]
[White "Sancho Casale, Jesus"]
[Black "Pellicer Cemeli, Jose Luis"]
[Result "1-0"]
[WhiteElo "1968"]
[BlackElo "2075"]
[PlyCount "95"]
[EventDate "2014.01.25"]
[EventType "team-tourn"]
[EventRounds "11"]
[EventCountry "ESP"]
[SourceTitle "EXT 2015"]
[Source "ChessBase"]
[SourceDate "2014.11.20"]
[SourceVersion "1"]
[SourceVersionDate "2014.11.20"]
[SourceQuality "1"]
[WhiteTeam "Tauste"]
[BlackTeam "La Aurora Estadilla"]
[WhiteTeamCountry "ESP"]
[BlackTeamCountry "ESP"]

1. e4 e6 2. d4 d5 3. Nc3 Nf6 4. e5 Nfd7 5. f4 c5 6. Nf3 Nc6 7. Be3 a6 8. Qd2 b5 9. Be2 Qb6 10. dxc5 Bxc5 11. Bxc5 Nxc5 12. a3 Bb7 13. Nd4 Rd8 14. Nxc6 Qxc6 15. Bf3 Qc7 16. Qd4 0-0 17. h4 Ne4 18. Bxe4 dxe4 19. Qe3 Qc4 20. Rd1 Rxd1+ 21. Kxd1 b4 22. axb4 Qxb4 23. Kc1 Bd5 24. Nxd5 exd5 25. Rd1 Rb8 26. Qd4 Qa5 27. b3 Rb4 28. Qc3 g6 29. Rxd5 Qxd5 30. Qxb4 e3 31. Qe1 Qd4 32. c3 Qxf4 33. e6 fxe6 34. Qe2 Qxh4 35. Qxe3 Qh1+ 36. Kb2 Qxg2+ 37. Ka3 Qc6 38. Qd4 Qd5 39. Qb6 a5 40. c4 Qe5 41. Ka4 h5 42. c5 Kf7 43. c6 Qb2 44. c7 Qa2+ 45. Kb5 Qxb3+ 46. Ka6 Qc4+ 47. Ka7 Ke7 48. Qb7 1-0

[Event "Aragon-chT Honor Descenso"]
[Site "Aragon"]
[Date "2014.03.15"]
[Round "8.31"]
[White "Pellicer Cemeli, Jose Luis"]
[Black "Carruez Berges, Santiago"]
[Result "1-0"]
[WhiteElo "2075"]
[BlackElo "2144"]
[PlyCount "87"]
[EventDate "2014.01.25"]
[EventType "team-tourn"]
[EventRounds "11"]
[EventCountry "ESP"]
[SourceTitle "EXT 2015"]
[Source "ChessBase"]
[SourceDate "2014.11.20"]
[SourceVersion "1"]
[SourceVersionDate "2014.11.20"]
[SourceQuality "1"]
[WhiteTeam "La Aurora Estadilla"]
[BlackTeam "Agrupacion"]
[WhiteTeamCountry "ESP"]
[BlackTeamCountry "ESP"]

1. d4 Nf6 2. c4 g6 3. Nc3 Bg7 4. e4 0-0 5. Be2 d6 6. Bg5 h6 7. Be3 e5 8. d5 Na6 9. f3 Ne8 10. h4 f5 11. Qd2 f4 12. Bf2 Nf6 13. Bd3 Nh5 14. Nge2 Bd7 15. Bc2 Qe8 16. Nc1 Nb4 17. N3e2 a5 18. Nd3 c5 19. dxc6 Nxc2+ 20. Qxc2 bxc6 21. Rd1 Qe7 22. Qd2 Be6 23. Rc1 Rfd8 24. Bb6 Rd7 25. Bxa5 Bf6 26. b4 Bxh4+ 27. Nf2 d5 28. cxd5 cxd5 29. Qd3 d4 30. Rc6 Bxa2 31. Rxg6+ Kh7 32. Rc6 Rg8 33. Kf1 Bf7 34. Ng4 Bg5 35. Qa6 d3 36. Rxh6+ Kg7 37. R1xh5 Bxh5 38. Rxh5 dxe2+ 39. Kxe2 Kf7 40. Qc4+ Kg7 41. b5 Rd4 42. Qc7 Qxc7 43. Rxg5+ Kh7 44. Rh5+ 1-0

[Event "Aragon-chT Honor GrA"]
[Site "Aragon"]
[Date "2014.02.22"]
[Round "5.7"]
[White "Pellicer Cemeli, Jose Luis"]
[Black "Ramiro Ovejero, Juan Luis"]
[Result "0-1"]
[WhiteElo "2075"]
[BlackElo "2390"]
[PlyCount "90"]
[EventDate "2014.01.25"]
[EventType "team-tourn"]
[EventRounds "7"]
[EventCountry "ESP"]
[SourceTitle "EXT 2015"]
[Source "ChessBase"]
[SourceDate "2014.11.20"]
[SourceVersion "1"]
[SourceVersionDate "2014.11.20"]
[SourceQuality "1"]
[WhiteTeam "La Aurora Estadilla"]
[BlackTeam "Jaime Casas"]
[WhiteTeamCountry "ESP"]
[BlackTeamCountry "ESP"]

1. e4 c5 2. Nf3 Nc6 3. d4 cxd4 4. Nxd4 e6 5. Nc3 Qc7 6. Be3 a6 7. Qd2 Nf6 8. 0-0-0 Be7 9. f3 b5 10. Bf4 e5 11. Nxc6 dxc6 12. Be3 Be6 13. Qf2 Nd7 14. f4 Qa5 15. f5 Bxa2 16. Rxd7 Kxd7 17. Bb6 Bg5+ 18. Kd1 Qb4 19. h4 Bh6 20. Nxa2 Qxb2 21. Rh3 Qb1+ 22. Ke2 Qxc2+ 23. Kf3 Qd1+ 24. Qe2 Qxe2+ 25. Kxe2 a5 26. Rd3+ Kc8 27. Nc3 Kb7 28. Bc5 Rhd8 29. Kd1 g6 30. Bd6 f6 31. Be7 Rxd3+ 32. Bxd3 Bg7 33. g4 Re8 34. Bc5 Bf8 35. Be3 a4 36. Kc2 Ra8 37. Na2 Ka6 38. fxg6 hxg6 39. h5 g5 40. Kc3 c5 41. h6 c4 42. Bc2 Ka5 43. h7 Be7 44. Kb2 b4 45. Bd2 Rh8 0-1

[Event "Aragon-chT Preferente B"]
[Site "Aragon"]
[Date "2012.02.04"]
[Round "1.57"]
[White "Pellicer Cemeli, Jose Luis"]
[Black "Correas Marcen, Jose Maria"]
[Result "1/2-1/2"]
[WhiteElo "2068"]
[BlackElo "1994"]
[PlyCount "48"]
[EventDate "2012.02.04"]
[EventType "team"]
[EventRounds "9"]
[EventCountry "ESP"]
[SourceTitle "EXT 2014"]
[Source "ChessBase"]
[SourceDate "2013.11.20"]
[SourceVersion "1"]
[SourceVersionDate "2013.11.20"]
[SourceQuality "1"]
[WhiteTeam "La Aurora Estadilla II"]
[BlackTeam "Olivar III"]
[WhiteTeamCountry "ESP"]
[BlackTeamCountry "ESP"]

1. e4 c5 2. Nf3 Nc6 3. d4 cxd4 4. Nxd4 e5 5. Nb5 a6 6. Nd6+ Bxd6 7. Qxd6 Qf6 8. Qd2 Nge7 9. a4 0-0 10. Bc4 Qg6 11. 0-0 Rb8 12. Nc3 Nd4 13. f4 b5 14. Bd3 exf4 15. Qxf4 Bb7 16. Nd5 Nxd5 17. exd5 Qxd3 18. cxd3 Ne2+ 19. Kh1 Nxf4 20. Bxf4 Rbc8 21. axb5 axb5 22. Ra7 Bxd5 23. Rxd7 Rfd8 24. Rxd8+ Rxd8 1/2-1/2

[Event "Aragon-chT"]
[Site "Aragon"]
[Date "2009.03.21"]
[Round "8"]
[White "Pellicer Cemeli, Jose Luis"]
[Black "Gutierrez Mingueza, Ruben"]
[Result "1/2-1/2"]
[WhiteElo "2047"]
[BlackElo "2068"]
[PlyCount "80"]
[EventDate "2009.01.24"]
[EventType "team-swiss"]
[EventRounds "9"]
[EventCountry "ESP"]
[SourceTitle "EXT 2011"]
[Source "ChessBase"]
[SourceDate "2010.11.26"]
[SourceVersion "1"]
[SourceVersionDate "2010.11.26"]
[SourceQuality "1"]

1. e4 c5 2. Nf3 Nc6 3. d4 cxd4 4. Nxd4 d5 5. exd5 Qxd5 6. Be3 e6 7. Nb5 Qe5 8. Be2 a6 9. Nd4 Bd7 10. c3 Nf6 11. Nd2 Nd5 12. Nxc6 Bxc6 13. Bd4 Qc7 14. Bf3 Nf4 15. 0-0 Bd6 16. Ne4 0-0-0 17. Nxd6+ Rxd6 18. Bxc6 Rxc6 19. Qg4 f5 20. Qf3 e5 21. Be3 g5 22. Bxf4 gxf4 23. Qh5 Rf8 24. Rad1 Qg7 25. Rd5 Rg6 26. g3 Rg5 27. Qf3 h5 28. Rc5+ Kb8 29. Qd5 h4 30. Qd6+ Ka8 31. Rc7 Qg8 32. Qb6 Rb8 33. Rd1 hxg3 34. fxg3 Rxg3+ 35. Kh1 Rg6 36. Qa5 Qe6 37. Rdd7 Rbg8 38. Qc5 Rg1+ 39. Qxg1 Rxg1+ 40. Kxg1 Qb6+ 1/2-1/2

[Event "Aragon-chT"]
[Site "Aragon"]
[Date "2009.03.07"]
[Round "6"]
[White "Pellicer Cemeli, Jose Luis"]
[Black "Cortes Lizano, Jesus"]
[Result "1-0"]
[WhiteElo "2047"]
[BlackElo "2231"]
[PlyCount "43"]
[EventDate "2009.01.24"]
[EventType "team-swiss"]
[EventRounds "9"]
[EventCountry "ESP"]
[SourceTitle "EXT 2011"]
[Source "ChessBase"]
[SourceDate "2010.11.26"]
[SourceVersion "1"]
[SourceVersionDate "2010.11.26"]
[SourceQuality "1"]

1. e4 c5 2. Nf3 d6 3. d4 Nf6 4. Nc3 cxd4 5. Nxd4 a6 6. Be3 e6 7. f3 b5 8. g4 Bb7 9. Qd2 Nfd7 10. 0-0-0 Nb6 11. Bg5 Qd7 12. Qf2 Qc7 13. Kb1 N8d7 14. Bd3 d5 15. exd5 Nxd5 16. Nxd5 Bxd5 17. Be4 Bxe4 18. fxe4 Bc5 19. Qd2 Nb6 20. Nb3 0-0 21. Bf4 Qc6 22. Nxc5 1-0